I redenti : gli intellettuali che vissero due volte, 1938-1948 /

Bibliographic Details
Main Author: Serri, Mirella, 1949-
Format: Book
Language:Italian
Published: Milano : Corbaccio, [2005]
Series:Collana storica (Milan, Italy)
Subjects:

MARC

Tag First Indicator Second Indicator Subfields
LEADER 00000cam a22000004a 4500
001 in00003494569
005 20151206124018.0
008 051024s2005 it b 001 0 ita
010 |a  2006352937 
020 |a 8879727141 
020 |a 9788879727143 
035 |a (OCoLC)ocm62252159 
040 |a DLC  |b eng  |c DLC  |d C3L  |d NLGGC  |d OCLCG  |d HEBIS  |d OCLCF  |d UtOrBLW 
042 |a pcc 
043 |a e-it--- 
045 |a x0x4  |a x4x- 
049 |a TXAM 
050 0 0 |a DG574  |b .S47 2005 
082 1 4 |a 850  |2 21 
084 |a 15.70  |2 bcl 
100 1 |a Serri, Mirella,  |d 1949- 
245 1 2 |a I redenti :  |b gli intellettuali che vissero due volte, 1938-1948 /  |c Mirella Serri. 
264 1 |a Milano :  |b Corbaccio,  |c [2005] 
264 4 |c ©2005 
300 |a 369 pages ;  |c 21 cm. 
336 |a text  |b txt  |2 rdacontent 
337 |a unmediated  |b n  |2 rdamedia 
338 |a volume  |b nc  |2 rdacarrier 
490 1 |a Collana storica 
504 |a Includes bibliographical references and index. 
650 0 |a Intellectuals  |z Italy  |v Biography. 
650 0 |a Fascism and culture  |z Italy. 
651 0 |a Italy  |x Intellectual life  |y 20th century. 
650 1 7 |a Intellectuelen.  |2 gtt 
650 0 7 |a Intellektueller.  |2 swd 
651 7 |a Italien.  |2 swd 
650 7 |a Fascism and culture.  |2 fast  |0 (OCoLC)fst00921571 
650 7 |a Intellectual life.  |2 fast  |0 (OCoLC)fst00975769 
650 7 |a Intellectuals.  |2 fast  |0 (OCoLC)fst00975799 
651 7 |a Italy.  |2 fast  |0 (OCoLC)fst01204565 
648 7 |a 1900 - 1999  |2 fast 
655 7 |a Biography.  |2 fast  |0 (OCoLC)fst01423686 
776 0 8 |i Online version:  |a Serri, Mirella, 1949-  |t Redenti.  |d Milano : Corbaccio, c2005  |w (OCoLC)607696409 
776 0 8 |i Online version:  |a Serri, Mirella, 1949-  |t Redenti.  |d Milano : Corbaccio, c2005  |w (OCoLC)608388958 
830 0 |a Collana storica (Milan, Italy) 
948 |a cataloged  |b h  |c 2014/12/4  |d c  |e ceaton  |f 11:00:47 am 
994 |a C0  |b TXA 
999 |a MARS 
999 f f |s 897eadc7-ee6f-3aa4-84fb-65d12fb0ceaa  |i ac5abe2e-b675-3899-ac7d-e77557b99547  |t 0 
952 f f |p normal  |a Texas A&M University  |b College Station  |c Sterling C. Evans Library  |d Evans: Library Stacks  |t 0  |e DG574 .S47 2005  |h Library of Congress classification  |i unmediated -- volume  |m A14842764681 
998 f f |a DG574 .S47 2005  |t 0  |l Evans: Library Stacks